Kabale University Library Catalogue

Linear Algebra Done Right / (Record no. 6149)

MARC details
000 -LEADER
fixed length control field 03269cam a22005175i 4500
001 - CONTROL NUMBER
control field 21739640
003 - CONTROL NUMBER IDENTIFIER
control field OSt
005 - DATE AND TIME OF LATEST TRANSACTION
control field 20260305141928.0
006 - FIXED-LENGTH DATA ELEMENTS--ADDITIONAL MATERIAL CHARACTERISTICS
fixed length control field m |o d |
007 - PHYSICAL DESCRIPTION FIXED FIELD--GENERAL INFORMATION
fixed length control field cr |||||||||||
008 - FIXED-LENGTH DATA ELEMENTS--GENERAL INFORMATION
fixed length control field 141105s2015 gw |||| o |||| 0|eng
010 ## - LIBRARY OF CONGRESS CONTROL NUMBER
LC control number 2019757259
020 ## - INTERNATIONAL STANDARD BOOK NUMBER
International Standard Book Number 9783031410253
020 ## - INTERNATIONAL STANDARD BOOK NUMBER
International Standard Book Number 9783031410260
024 7# - OTHER STANDARD IDENTIFIER
Standard number or code 10.1007/978-3-319-11080-6
Source of number or code doi
035 ## - SYSTEM CONTROL NUMBER
System control number 21739640
035 ## - SYSTEM CONTROL NUMBER
System control number (DE-He213)978-3-319-11080-6
040 ## - CATALOGING SOURCE
Original cataloging agency KABLIB
Language of cataloging eng
Description conventions pn
-- rda
Transcribing agency KABLIB
072 #7 - SUBJECT CATEGORY CODE
Subject category code MAT002050
Source bisacsh
072 #7 - SUBJECT CATEGORY CODE
Subject category code PBF
Source bicssc
072 #7 - SUBJECT CATEGORY CODE
Subject category code PBF
Source thema
082 04 - DEWEY DECIMAL CLASSIFICATION NUMBER
Classification number 512.5
Edition number 23
Item number AXL
100 1# - MAIN ENTRY--PERSONAL NAME
Personal name Axler, Sheldon,
Relator term author.
9 (RLIN) 15086
245 10 - TITLE STATEMENT
Title Linear Algebra Done Right /
Statement of responsibility, etc. by Sheldon Axler.
250 ## - EDITION STATEMENT
Edition statement 4rd ed.
264 #1 - PRODUCTION, PUBLICATION, DISTRIBUTION, MANUFACTURE, AND COPYRIGHT NOTICE
Place of production, publication, distribution, manufacture Cham
Name of producer, publisher, distributor, manufacturer Springer International Publishing :
-- Imprint: Springer,
Date of production, publication, distribution, manufacture, or copyright notice 2024.
300 ## - PHYSICAL DESCRIPTION
Extent xvii, 390 p. ;
Dimensions 24 cm
336 ## - CONTENT TYPE
Content type term text
Content type code txt
Source rdacontent
337 ## - MEDIA TYPE
Media type term computer
Media type code c
Source rdamedia
338 ## - CARRIER TYPE
Carrier type term online resource
Carrier type code cr
Source rdacarrier
347 ## - DIGITAL FILE CHARACTERISTICS
File type text file
Encoding format PDF
Source rda
490 1# - SERIES STATEMENT
Series statement Undergraduate Texts in Mathematics,
International Standard Serial Number 0172-6056
520 ## - SUMMARY, ETC.
Summary, etc. This best-selling textbook for a second course in linear algebra is aimed at undergrad math majors and graduate students. The novel approach taken here banishes determinants to the end of the book. The text focuses on the central goal of linear algebra: understanding the structure of linear operators on finite-dimensional vector spaces. The author has taken unusual care to motivate concepts and to simplify proofs. A variety of interesting exercises in each chapter helps students understand and manipulate the objects of linear algebra. The third edition contains major improvements and revisions throughout the book. More than 300 new exercises have been added since the previous edition. Many new examples have been added to illustrate the key ideas of linear algebra. New topics covered in the book include product spaces, quotient spaces, and dual spaces. Beautiful new formatting creates pages with an unusually pleasant appearance in both print and electronic versions. No prerequisites are assumed other than the usual demand for suitable mathematical maturity. Thus the text starts by discussing vector spaces, linear independence, span, basis, and dimension. The book then deals with linear maps, eigenvalues, and eigenvectors. Inner-product spaces are introduced, leading to the finite-dimensional spectral theorem and its consequences. Generalized eigenvectors are then used to provide insight into the structure of a linear operator.
588 ## - SOURCE OF DESCRIPTION NOTE
Source of description note Description based on publisher-supplied MARC data.
650 #0 - SUBJECT ADDED ENTRY--TOPICAL TERM
Topical term or geographic name entry element Algebra.
9 (RLIN) 2680
650 #0 - SUBJECT ADDED ENTRY--TOPICAL TERM
Topical term or geographic name entry element Matrix theory.
9 (RLIN) 15087
650 14 - SUBJECT ADDED ENTRY--TOPICAL TERM
Topical term or geographic name entry element Linear and Multilinear Algebras, Matrix Theory.
Authority record control number or standard number https://scigraph.springernature.com/ontologies/product-market-codes/M11094
9 (RLIN) 15088
776 08 - ADDITIONAL PHYSICAL FORM ENTRY
Relationship information Print version:
Title Linear algebra done right
International Standard Book Number 9783319110790
Record control number (DLC) 2014954079
776 08 - ADDITIONAL PHYSICAL FORM ENTRY
Relationship information Printed edition:
International Standard Book Number 9783319110790
776 08 - ADDITIONAL PHYSICAL FORM ENTRY
Relationship information Printed edition:
International Standard Book Number 9783319110813
776 08 - ADDITIONAL PHYSICAL FORM ENTRY
Relationship information Printed edition:
International Standard Book Number 9783319307657
776 08 - ADDITIONAL PHYSICAL FORM ENTRY
Relationship information Printed edition:
International Standard Book Number 9783319939025
830 #0 - SERIES ADDED ENTRY--UNIFORM TITLE
Uniform title Undergraduate Texts in Mathematics,
International Standard Serial Number 0172-6056
9 (RLIN) 15089
906 ## - LOCAL DATA ELEMENT F, LDF (RLIN)
a 0
b ibc
c origres
d u
e ncip
f 20
g y-gencatlg
942 ## - ADDED ENTRY ELEMENTS (KOHA)
Source of classification or shelving scheme Dewey Decimal Classification
Koha item type Book
Holdings
Withdrawn status Lost status Source of classification or shelving scheme Damaged status Not for loan Home library Current library Date acquired Total Checkouts Full call number Barcode Date last seen Price effective from Koha item type
    Dewey Decimal Classification     Education Library Education Library 05.03.2026   512.5 AXL 14706 05.03.2026 05.03.2026 Book
    Dewey Decimal Classification     Education Library Education Library 05.03.2026   512.5 AXL 14707 05.03.2026 05.03.2026 Book
    Dewey Decimal Classification     Education Library Education Library 05.03.2026   512.5 AXL 14708 05.03.2026 05.03.2026 Book

Kabale University Library | Kabale University P.O Box 317, Kabale, Uganda
Tel : +256754017033, +256774661503 E-mail : library@kab.ac.ug